01564nam a2200349 a 4500001001000000003000500010005001700015008004100032010001100073011001100084040000900095090001000104100004600114245024400160260004100404500006000445502006900505590004100574590004100615590003900656590003900695650003900734650004300773650004300816856007000859901000700929942001000936942000600946999001900952952012400971952011901095000109140CHAP20220329144039.0140407s2013 mx | |sm |||||||spa|d a105602 a106574 cCHAP aTesis1 aTomas Mayorquín, Carlos Eduardo912627110aEstimación de biomasa y carbono mediante ecuaciones alométricas en Quercus laurina Humb y Qercus rugosa Née en predios bajo manejo del ejido de San Pablo Ixayoc, Estado de Méxicoh[En línea]cpor Carlos Eduardo Tomas Mayorquín. aChapingo, Méx. :bEl autor,c2013. aPara ver el contenido del material haga clic en la liga aTesis (Ing. Forestal) -- UACH. División de Ciencias Forestales aBATCH-UPDb05c20140407lUCH01h0930 aBATCH-UPDb05c20141002lUCH01h0859 aE792CSJb05c20140407lUCH01h0929 aE792CSJb05c20140407lUCH01h092914aCarbonoxEfecto en plantas.91883114aQuercus laurina HumbxBiomasa.912628414aQuercus rugosa NéexBiomasa.9126283 aFinding aiduhttp://10.13.5.2/tesis/sist109140.pdfzTeclea aquí aBK cTESIS n0 c105602d105602 00102local40718TESISaBCbBCd2014-04-07fTESISl0oTesisp33724002381777r2019-12-31 00:00:00tc.2w2014-04-07yCD 00102local40718TESISaBCbBCd2014-04-07fTESISl0oTesisp33724002381819r2019-12-31 00:00:00w2014-04-07yCD